000 00540nam a2200181Ia 4500
003 GCL
008 140319s9999 xx 000 0 ara d
040 _aGCL /
_cGCL
082 0 4 _a8111.04
_bم ا
100 1 _aمحمد سامى الدهان
245 1 0 _aالهجاء /
_cمحمد سامى الدهان
260 _a[S.N] :
_bدار المعارف ،
_c1982
300 _a91 ص
490 _aفنون الادب العربى, الفن الغنائى
_v0
650 0 4 _aالشعر العربى
650 0 4 _aهجاء
942 _2ddc
_cBK
999 _c33173
_d33173